Paesi più Vicini al Golfo Persico - Statistics

Statistiche generali
  • Questo quiz è stato fatto 3.019 volte
  • Il punteggio medio è 19 su 22
Statistiche sulle risposte
km Paese miglia % Corretto
0 Iran 0
98%
0 Iraq 0
98%
0 Arabia Saudita 0
97%
0 Oman 0
94%
551 Yemen 343
94%
0 Emirati Arabi Uniti 0
93%
0 Qatar 0
93%
1198 Israele 745
92%
440 Pakistan 273
91%
0 Kuwait 0
90%
846 Siria 526
90%
1128 India 701
89%
863 Giordania 536
88%
502 Afghanistan 312
87%
843 Turchia 524
87%
1181 Libano 734
86%
0 Bahrain 0
84%
968 Armenia 601
83%
1208 Georgia 751
83%
890 Azerbaigian 553
79%
1036 Turkmenistan 644
75%
1207 Russia 750
68%
Nessun quiz corrispondente trovato
Distribuzione punteggi
Percentuale di utenti per punteggio
Percentile per numero di risposta
I tuoi punteggi nel tempo
Non hai fatto questo quiz